maimai でらっくす CiRCLE - Lv. 14+-15 Test - Statistics

General Stats
  • This quiz has been taken 10 times
    6 since last reset
  • The average score is 43 of 78
Answer Stats
% Correct
PANDORA PARADOXXX
100%
QZKago Requiem
100%
系ぎて
80%
封焔の135秒
80%
氷滅の135小節
80%
Garakuta Doll Play
80%
Glorious Crown
80%
Latent Kingdom
80%
raputa
80%
sølips
80%
the EmpErroR
80%
ViRTUS
80%
Xaleid◆scopiX
80%
ガラテアの螺旋
60%
ジングルベル
60%
チューリングの跡
60%
宙天
60%
神威
60%
躯樹の墓守
60%
Alea jacta est!
60%
AMAZING MIGHTYYYY!!!!
60%
Apollo
60%
ATLAS RUSH
60%
BREaK! BREaK! BREaK!
60%
Credits
60%
Cryptarithm
60%
Customized Justice
60%
Divide et impera!
60%
End Time
60%
False Amber (from the Black Bazaar, Or by A Kervan Trader from the Lands Afar, Or Buried Beneath the Shifting Sands That Lead Everywhere but Nowhere)
60%
FLΛME/FRΦST
60%
Fragrance
60%
Heavenly Blast
60%
LAMIA
60%
larva
60%
Åntinomiε
60%
Our Wrenally
60%
雷切-RAIKIRI-
60%
Re:Unknown X
60%
Schwarzschild
60%
SILENT BLUE
60%
Sky Trails
60%
Straight into the lights
60%
TEmPTaTiON
60%
Titania
60%
Valsqotch
60%
VERTeX
60%
WiPE OUT MEMORIES
60%
World's end BLACKBOX
60%
ラストピースに祝福と栄光を
40%
怒槌
40%
源平大戦絵巻テーマソング
40%
超熊猫的周遊記(ワンダーパンダートラベラー)
40%
雨露霜雪
40%
零號車輛
40%
AMABIE
40%
BLACK SWAN
40%
Excalibur ~Revived resolution~
40%
GIGANTØMAKHIA
40%
IF:U
40%
In Chaos
40%
KHYMΞXΛ
40%
Lia=Fail
40%
ℝ∈Χ LUNATiCA
40%
Metamorphosism
40%
mystique as iris
40%
Prophesy One
40%
Regulus
40%
TiamaT:F minor
40%
VeRForTe αRtE:VEiN
40%
VERTeX (rintaro soma deconstructed remix)
40%
VIIIbit Explorer
40%
World's end loneliness
40%
Yorugao
40%
Λzure Vixen
40%
康莊大道
20%
渦状銀河のシンフォニエッタ
20%
脳天直撃
20%
No matching quizzes found
Score Distribution
Percent of People with Each Score
Percentile by Number Answered
Your Score History
You have not taken this quiz since the last reset